00517nam a2200193 a 4500001001300000003000900013005001700022008004100039020000800080082001600088100002600104245003900130260004200169300000800211500003500219505001800254650002500272700002600297nice12345678IN_TiNIC20260116011447.0050524s1949 newa grp 000 0 eng  ac000a276.24bTRI aTrimingham, J Spencer aChristian Church in Post-War Sudan aNew YorkbWorld Dominiion Pressc1949 a44p aincludes index and biblioraphy2 aAppendix, Map aChurch-History Sudan1 aTrimingham, J Spencer